| 000 | 00485nam a22001817a 4500 | ||
|---|---|---|---|
| 003 | CEME | ||
| 005 | 20210628202027.0 | ||
| 008 | 210224b xxu||||| |||| 00| 0 eng d | ||
| 020 | _a0-07-134210-9 | ||
| 040 | _c. | ||
| 082 | _a005.133-J HUB | ||
| 100 |
_aHubbard, John R _957950 |
||
| 245 | _aTheory and problems of programming with java | ||
| 260 |
_aNEW YORK _bMCGRAW HILL _c1999 |
||
| 300 | _aVII,257P | ||
| 650 |
_aJAVA-COMPUTER PROGRAMMING LANGAUGE _957951 |
||
| 942 |
_cBK _2ddc |
||
| 999 |
_c568186 _d568186 |
||